Visualizzazione normale
Vista MARC
- Kantner Paul
di Personal Name
Records bibliografici associati: 1
001 - CONTROL NUMBER
- control field: 2770
003 - CONTROL NUMBER IDENTIFIER
- control field: IT-RoPau
005 - DATE AND TIME OF LATEST TRANSACTION
- control field: 20131121152932.0
008 - FIXED-LENGTH DATA ELEMENTS
- fixed length control field: 131121|| aca||aabn | a|a d
040 ## - CATALOGING SOURCE
- Original cataloging agency: IT-RoPau
- Transcribing agency: IT-RoPau
100 ## - HEADING--PERSONAL NAME
- Personal name: Kantner Paul
- Miscellaneous information: Codice autore musica SPICS: 22919
- Relator term: Autore musica
- Name of part/section of a work: Have You Seen the Saucers - Crown of Creation - When the Earth moves Again - Twilight Double Leader
670 ## - SOURCE DATA FOUND
- Source citation: Work cat.: (IT-RoPau)99625: AA.VV. 794, Thirty Seconds Over Winterland-Jefferson Airplane